Nathaniel Hawthorne

Saved in:
Bibliografiske detaljer
Hovedforfatter: Martin, Terence (autor)
Format: Bog
Sprog:engelsk
Udgivet: Boston Twayne Publishers 1965
Serier:Twayne's United States Authors Series. TUSAS, 75
Fag:
Tags: Tilføj Tag
Ingen Tags, Vær først til at tagge denne postø!

MARC

LEADER 00000nam a2200000 a 4500
001 UCQ2516
003 CL-VaPUC
008 980724e19650000US |||||||||||||||||eng|d
082 0 4 |a 813.09  |b MAR  |2 21 
100 |a Martin, Terence  |e autor  |9 416448 
245 1 0 |a Nathaniel Hawthorne 
300 |a 205 p 
942 |c BK 
945 |d 19980724 00:00:00  |a crobeson 
260 |a Boston  |b Twayne Publishers  |c 1965 
600 0 7 |a HAWTHORNE, NATHANIEL  |2 CL-VaPUC  |9 371935 
650 7 |a NOVELA ESTADOUNIDENSE  |2 CL-VaPUC  |9 266286 
650 0 |a Literatura estadounidense  |9 317168 
650 0 |a Crítica e interpretación   |9 255042 
650 0 |a Crítica literaria   |9 269189 
583 |a last modification  |c 19980724 00:00:00  |k Rodrigo Vera 
490 0 |a Twayne's United States Authors Series. TUSAS, 75 
999 |c 273334  |d 273332 
952 |0 0  |1 0  |4 0  |6 813_090000000000000_MAR_1965  |7 0  |8 A  |9 308791  |a BIBEDU  |b BIBEDU  |d 2019-11-20  |i 1448463  |o 813.09 MAR 1965  |p 1448463  |r 2019-11-20  |w 2019-11-20  |y BK  |k LIT